Statistics for Guess the Object

Click here to take the quiz!

General Stats

  • This quiz has been taken 39 times
  • The average score is 9 of 9

Answer Stats

Answer% Correct
Balloon
100%
Banana
100%
Car
100%
Cat
100%
Pizza
100%
Tree
100%
Guitar
97%
Wheel
94%
Shoe
88%

Score Distribution

Percentile by Number Answered

Percent of People with Each Score

Your Score History

You have not taken this quiz